Problems in education : (Record no. 6245)
[ view plain ]
| 000 -LEADER | |
|---|---|
| fixed length control field | 00907cam a2200289I 4500 |
| 001 - CONTROL NUMBER | |
| JCCL Control Number | 6245 |
| 003 - CONTROL NUMBER IDENTIFIER | |
| JCCL marc code | BD-JhCC |
| 005 - DATE AND TIME OF LATEST TRANSACTION | |
| control field | 20180125172017.0 |
| 008 - FIXED-LENGTH DATA ELEMENTS--GENERAL INFORMATION | |
| fixed length control field | 711124s1965 enk b 000 0 eng |
| 035 ## - SYSTEM CONTROL NUMBER | |
| system control number | CONN169842 |
| 035 ## - SYSTEM CONTROL NUMBER | |
| system control number | ocm00175385 |
| 035 ## - SYSTEM CONTROL NUMBER | |
| system control number | (BD-JhCC)6245 |
| 035 ## - SYSTEM CONTROL NUMBER | |
| system control number | 117097 |
| 040 ## - CATALOGING SOURCE | |
| Original cataloging agency | DLC |
| Transcribing agency | WSU |
| Modifying agency | OCL |
| -- | UKM |
| -- | CUD |
| -- | BD-JhCC |
| 041 ## - LANGUAGE CODE | |
| Language code of Book | eng |
| 050 00 - LIBRARY OF CONGRESS CALL NUMBER | |
| Classification number | LA132 |
| Item number | .H59 |
| 082 #0 - DEWEY DECIMAL CLASSIFICATION NUMBER | |
| Classification number | 370.195 |
| Author mark and Year | HOL 1965 |
| 100 1# - MAIN ENTRY--PERSONAL NAME | |
| Personal name | Holmes, Brian. |
| 245 10 - TITLE STATEMENT | |
| Title | Problems in education : |
| Remainder of title | a comparative approach / |
| Statement of responsibility, etc | Brian Holmes |
| 260 ## - PUBLICATION, DISTRIBUTION, ETC. (IMPRINT) | |
| Place of publication, distribution, etc | London : |
| Name of publisher, distributor, etc | Routledge & Paul, |
| Place of publication, distribution, etc | New York : |
| Name of publisher, distributor, etc | Humanities Press, |
| Date of publication, distribution, etc | 1965. |
| 300 ## - PHYSICAL DESCRIPTION | |
| Pagination | x, 326, 13 p. |
| Dimensions | 23 cm. |
| 490 0# - SERIES STATEMENT | |
| Series statement | International library of sociology and social reconstruction |
| 504 ## - BIBLIOGRAPHY, ETC. NOTE | |
| Bibliography, etc | Bibliography: p. 318-320. Bibliographical references included in "Notes" (p. 310-317) |
| 650 #0 - SUBJECT ADDED ENTRY--TOPICAL TERM | |
| Topical term or geographic name as entry element | Comparative education. |
| 942 ## - ADDED ENTRY ELEMENTS (KOHA) | |
| Source of classification or shelving scheme | Dewey Decimal Classification |
| Koha item type | Books |
| Source of classification or shelving scheme | Damaged status | Not for loan | Home library | Current library | Shelving location | Total Checkouts | Full call number | Barcode | Date last seen | Copy number | Koha item type |
|---|---|---|---|---|---|---|---|---|---|---|---|
| Dewey Decimal Classification | JCC Rouf Library | JCC Rouf Library | General Stacks | 370.195 HOL 1965 | 1050 | 01/17/2018 | C - 1 | Books |